[Event "CRO-chT4B Center North"]
[Site "Croatia"]
[Date "2016.04.10"]
[Round "2.3"]
[White "Korenika, Miroslav"]
[Black "Peharda, Predrag"]
[Result "1/2-1/2"]
[WhiteElo "2171"]
[BlackElo "2000"]
[PlyCount "83"]
[EventDate "2016.04.03"]
[EventType "team-tourn"]
[EventRounds "11"]
[EventCountry "CRO"]
[SourceTitle "EXT 2019"]
[Source "ChessBase"]
[SourceDate "2018.10.10"]
[SourceVersion "1"]
[SourceVersionDate "2018.10.10"]
[SourceQuality "1"]

1. d4 d5 2. Nf3 Nf6 3. Bg5 Bf5 4. Nbd2 Nbd7 5. c3 c6 6. e3 Qb6 7. Qb3 Ne4 8. Nxe4 Bxe4 9. Nd2 Bg6 10. f3 e6 11. e4 f6 12. Be3 Bf7 13. exd5 exd5 14. Bd3 Bd6 15. 0-0 0-0-0 16. Qxb6 Nxb6 17. Bc2 Rde8 18. Rfe1 Bg6 19. Bxg6 hxg6 20. g3 Re7 21. Re2 Rhe8 22. Kf2 Na4 23. Nf1 f5 24. f4 g5 25. fxg5 f4 26. gxf4 Bxf4 27. Rae1 Bd6 28. Bc1 Rxe2+ 29. Rxe2 Rf8+ 30. Kg2 Rh8 31. Ng3 Kd7 32. Kf3 g6 33. Kg4 Nb6 34. h3 Bxg3 35. Kxg3 Nc8 36. a3 Re8 37. Rxe8 Kxe8 38. h4 Kf7 39. Kg4 Nb6 40. h5 a5 41. hxg6+ Kxg6 42. Kf4 1/2-1/2